Ibn al-Nīl, (Record no. 45781)

MARC details
000 -LEADER
fixed length control field 00625cam a22002171 4500
001 - CONTROL NUMBER
control field ne 63000776
003 - CONTROL NUMBER IDENTIFIER
control field DLC
005 - DATE AND TIME OF LATEST TRANSACTION
control field 20260227111744.0
008 - FIXED-LENGTH DATA ELEMENTS--GENERAL INFORMATION
fixed length control field 900828q19601963ua 000 1 ararc
010 ## - LIBRARY OF CONGRESS CONTROL NUMBER
LC control number ne 63000776
025 ## - OVERSEAS ACQUISITION NUMBER
Overseas acquisition number PL480:UAR-1988
035 ## - SYSTEM CONTROL NUMBER
System control number (OCoLC)22288280
040 ## - CATALOGING SOURCE
Original cataloging agency Princeton Univ. Libr.
Transcribing agency WaU
Modifying agency DLC
042 ## - AUTHENTICATION CODE
Authentication code premarc
050 00 - LIBRARY OF CONGRESS CALL NUMBER
Classification number PJ7862.I38
Item number I2
100 1# - MAIN ENTRY--PERSONAL NAME
Personal name Ṣidqī, Jādhibīyah.
245 10 - TITLE STATEMENT
Title Ibn al-Nīl,
Statement of responsibility, etc. taʼlīf Jādhibīyah Ṣidqī.
260 ## - PUBLICATION, DISTRIBUTION, ETC.
Place of publication, distribution, etc. [al-Qāhirah,
Name of publisher, distributor, etc. al-Dār al-Qawmīyah lil-Ṭibāʻah wa-al-Nahr,
Date of publication, distribution, etc. 196-]
300 ## - PHYSICAL DESCRIPTION
Extent 79 p.
Dimensions 24 cm.
490 0# - SERIES STATEMENT
Series statement Kitāb al-māsī

No items available.

Powered by Koha